De la forge des enclumes / (Record no. 153585)

MARC details
000 -LEADER
campo de control de longitud fija 01412nam a2200277 i 4500
001 - NÚMERO DE CONTROL
campo de control 153585
003 - IDENTIFICADOR DE NÚMERO DE CONTROL
campo de control ES-MaACL
005 - FECHA Y HORA DE LA ÚLTIMA TRANSACCIÓN
campo de control 20250816091140.0
008 - DATOS DE LONGITUD FIJA--INFORMACIÓN GENERAL
campo de control de longitud fija 980916s1762 fr af |||| | fre d
040 ## - FUENTE DE CATALOGACIÓN
Centro catalogador/agencia de origen CYL
Lengua de catalogación spa
Centro/agencia transcriptor CYL
100 1# - ENTRADA PRINCIPAL--NOMBRE DE PERSONA
Nombre de persona Duhamel Du Monceau, Henri-Louis.
9 (RLIN) 146391
245 10 - MENCIÓN DEL TÍTULO
Título De la forge des enclumes /
Mención de responsabilidad, etc. par M. Duhamel du Monceau.
260 ## - PUBLICACIÓN, DISTRIBUCIÓN, ETC.
Lugar de publicación, distribución, etc. [Paris] :
Nombre del editor, distribuidor, etc. Saillant et Nyon :,
Fecha de publicación, distribución, etc. 1762 (
Fabricante Imp. de H.L. Guerin & L.F. Delatour)
300 ## - DESCRIPCIÓN FÍSICA
Extensión [2], 11, [1] en bl. p., [1] h. de grab. :
Otras características físicas il. ;
Dimensiones Fol. (44 cm)
490 1# - MENCIÓN DE SERIE
Mención de serie Descriptions des arts et métiers faites ou approuvées par Messieurs de l'Académie Royale des Sciences
530 ## - NOTA DISPONIBLE DE FORMULARIO FÍSICO ADICIONAL
Nota de formato físico adicional disponible Disponible en formato digital.
596 ## - NOTA AL PIE DE IMPRENTA
NOTA AL PIE DE IMPRENTA Pie de imp. tomado del colofón.
597 ## - NOTA DE DESCRIPCIÓN FÍSICA
NOTA DE DESCRIPCIÓN FÍSICA Sign.: []1, A-C2.
599 ## - NOTA A LAS ILUSTRACIONES
NOTA A LAS ILUSTRACIONES La h. de grab. calc.: "Dessinée par Bretez et Simonneau le fils, 1717 et Patte Correxit 1762, Lucas sculp."
650 #4 - PUNTO DE ACCESO ADICIONAL DE MATERIA--TÉRMINO DE MATERIA
Término de materia o nombre geográfico como elemento de entrada Metalurgia-
Subdivisión de forma Obras anteriores a 1800.
9 (RLIN) 153962
830 00 - PUNTO DE ACCESO ADICIONAL DE SERIE-TÍTULO UNIFORME
Título uniforme Descriptions des arts et métiers
9 (RLIN) 241750
852 ## - LOCALIZACIÓN
Ubicación ES-MaACL
Número de control de estantería R-31(3)
Nota libre - Enc. hol.
Encuadernación Olim: C-10827-70
852 ## - LOCALIZACIÓN
Ubicación ES-MaACL
Número de control de estantería R-2056
Nota libre - Enc. pasta española grab. con hierros
-- - Enc. en este ejemplar [5] h. de grab. de "Nouvel art d'adoucir le fer" y las IX h. de grab. de "
Encuadernación C-10825
856 ## - LOCALIZACIÓN Y ACCESO ELECTRÓNICOS
Identificador Uniforme de Recursos <a href="http://gallica.bnf.fr/ark:/12148/bpt6k1067640k?rk=21459;2 ">http://gallica.bnf.fr/ark:/12148/bpt6k1067640k?rk=21459;2 </a>
Nota pública BNF-Gallica
Holdings
Estatus retirado Estado de pérdida Estado de daño No para préstamo Colección Biblioteca de origen Biblioteca actual Ubicación en estantería Fecha de adquisición Fuente de adquisición Total de préstamos Signatura topográfica completa Código de barras Visto por última vez Precio de reemplazo Tipo de ítem Koha
        Colección digital Biblioteca del Ateneo de Madrid Biblioteca del Ateneo de Madrid Depósito 17/01/2008     R-2056 1160555 23/02/2023 23/02/2023 Libro impreso antiguo
        Colección digital Biblioteca del Ateneo de Madrid Biblioteca del Ateneo de Madrid Depósito 17/01/2008     R-31(3) 1160554 23/02/2023 23/02/2023 Libro impreso antiguo